À dix ans près - XXe siècle - Statistiques

Statistiques générales
  • Ce quiz a été pris 30 790 fois
  • Le résultat moyen est 9 sur 22
Statistiques - réponses
Indice Année % Correct
Le Tsar Nicolas II est assassiné 1918
85%
Windows 1.0 est commercialisé 1985
82%
L'Ayatollah Khomeini mène la révolution en Iran 1979
64%
Début de la Grande Dépression 1929
63%
Fin de l'Apartheid en Afrique du Sud 1991
60%
Le premier vol des Frères Wright 1903
55%
Naufrage du Titanic 1912
52%
L'Algérie proclame son indépendance 1962
49%
Disneyland Paris ouvre ses portes 1992
48%
Début de la pandémie de grippe espagnole 1918
39%
Lancement du jeu vidéo Pong 1972
37%
Premier Tour de France 1903
31%
Le Petit Prince de Saint-Exupéry est publié 1943
31%
Citroën commercialise la 2CV 1949
28%
Premier vol du Concorde 1969
26%
Edmund Hillary et Tenzing Norgay atteignent le sommet de l'Everest 1953
25%
Le premier film King Kong sort au cinéma 1933
23%
Première apparition d'Astérix 1959
22%
Stanley Matthews remporte le premier Ballon d'Or de l'histoire du football 1956
20%
Alexander Fleming découvre la pénicilline 1928
15%
La Tour CN de Toronto est inaugurée 1976
11%
Hiram Bingham découvre le Machu Picchu 1911
8%
Aucun quiz correspondant
Distribution des résultats
% des personnes avec chaque résultat
Percentile par nombre de réponses
Votre historique - résultats
Vous n’avez pas pris ce quiz